| 000 | 00707nam a22002411c 4500 | ||
|---|---|---|---|
| 001 | a987689837 | ||
| 008 | 180704s2017 gw |||| 000u rus d | ||
| 020 |
_a9785852094094 _9978-5-85209-409-4 |
||
| 041 | _arus | ||
| 100 | 1 | _aSacharov, Konstantin Vjačeslavovič | |
| 245 | 0 | 0 |
_aBelaja Sibir' : _bvnutrennjaja vojna 1918-1920 gg. |
| 250 | _aReprint der Ausgabe von 1923 | ||
| 264 |
_aMoskva, _c2017 |
||
| 300 | _a477 Seiten | ||
| 650 | 0 | _aWeißgardisten | |
| 650 | 0 | _aRussischer Bürgerkrieg <1917-1921> | |
| 650 | 0 | _aBürgerkrieg | |
| 651 | 0 | _aSibirien | |
| 710 | 2 | _aGosudarstvennaja publičnaja istoričeskaja biblioteka Rossii | |
| 942 | _cMG | ||
| 040 | _cRU-10907106 | ||
| 003 | RU-10907106 | ||
| 999 |
_c50124 _d50124 |
||